1768 1350 1325 1572 1755 1382 1396 1232 1387 1227 1289 1407 1288 1160 1315 1989 1874 1616 1927 1742 1707 1136 1864 1773 1825 1277 1841 1361 1209 1724 1100 1608 1051 1173 1412 1660 1038 1223 1164 1153 1995 1102 1114 1964 1987 1850 1400 1061 1682 1429 1148 1213 1885 1089 1431 1037 1673 1260 1605 1112 1912 1678 1419 1763 1973 1194 1281 1309 1844 1215 1641 1699 1394 1102 1183 1590 1176 1406 1006 1697 1362 1101 1298 1810 1809 1416 1279 1764 1074 1671 1080 1352 1528 1854 1929 1514 1441 1934 1025 BCNSPRNW ULIB Ver.6.0+V

เปลี่ยนเป็นภาษาไทย

Change to English
 แสดงรายละเอียดบรรณานุกรม
  กลับหน้าหลัก

Brief Record : Get Marc (ISO 2709) : E-mail record : QR code < ปิดหน้าต่าง
LEADER : 00000nam 2200000uu 4500
001    13399122766
003     ULIB
008    130917s2552||||th 000 0 tha d
020    ^a9786161104382
060    ^aW84^bห327
245 00 ^aหลังประติมาสาธารณสุข /^cพงศธร พอกเพิ่มดี, บรรณาธิการ
246 24 ^aหลังประติมาสาธารณสุข :^b20 เบื้องหลังการขับเคลื่อนระบบสุขภาพไทย
260    ^aนนทบุรี :^bเครือข่ายร่วมพัฒนาศักยภาพผู้นำการสร้างสุขภาวะแนวใหม่ (คศน) กระทรวงสาธารณสุข,^c2552.
300    ^a317 หน้า :^bภาพประกอบ ;^c18 ซม.
536    ^aสนับสนุนโดย สำนักงานกองทุนสนับสนุนการสร้างเสริมสุขภาพ (สสส.) และ องค์การเภสัชกรรม
650  4 ^aสาธารณสุขมูลฐาน^zไทย
650  4 ^aสาธารณสุข^zไทย
650  4 ^aสุขภาพ
700 0  ^aพงศธร พอกเพิ่มดี,^eบรรณาธิการ
710 2  ^aองค์การเภสัชกรรม
710 2  ^aสำนักงานกองทุนสนับสนุนการสร้างเสริมสุขภาพ
710 2  ^aกระทรวงสาธารณสุข. ^bเครือข่ายร่วมพัฒนาศักยภาพผู้นำการสร้างสุขภาวะแนวใหม่
945    ^p250^l0^i20214
945    ^p250^l0^i20215
999    ^aทศพร เกษรทอง
รายการนี้ยังไม่มีแท็ก
คุณยังไม่ได้ล็อกอิน คุณสามารถมีกิจกรรมร่วมกับเว็บไซต์ได้ แต่ต้องล็อกอินก่อน ::
  ล็อกอิน

รายการสื่อสารสนเทศ

ลำดับที่ ประเภท เลขเรียก/บาร์โค้ด สถานที่ สถานะ
- ไม่พบข้อมูล -

รายการใกล้เคียง
    หัวเรื่อง [สุขภาพ]

BibComment


ยังไม่เคยถูกคอมเมนท์

คอมเมนท์ทรัพยากรรายการนี้
  คอมเมนท์: หลังประติมาสาธาร..


 Copyright 2026. Bcnsprnw @Library